Bleachers Charting Songs (Billboard Hot Rock) - Statistics

General Stats
  • This quiz has been taken 7 times
    5 since last reset
  • The average score is 5 of 8
Answer Stats
Album Weeks On Peak Artist(s) Song % Correct
Strange Desire 26 Weeks #10 Bleachers I Wanna Get Better
100%
Did you know that there’s a tunnel under Ocean Blvd 13 Weeks #34 Lana Del Rey ft. Bleachers Margaret
100%
Strange Desire 20 Weeks #19 Bleachers Rollercoaster
100%
Non-Album Single 4 Weeks #18 Jack Antonoff & Bleachers Merry Christmas, Please Don't Call
80%
Take the Sadness Out of Saturday Night 1 Week #47 Bleachers ft. Bruce Springsteen Chinatown
40%
Gone Now 20 Weeks #12 Bleachers Don't Take the Money
40%
Gone Now 1 Week #50 Bleachers Hate That You Know Me
0%
Take the Sadness Out of Saturday Night 2 Weeks #44 Bleachers Stop Making This Hurt
0%
No matching quizzes found
Score Distribution
Percent of People with Each Score
Percentile by Number Answered
Your Score History
You have not taken this quiz since the last reset